Analýza slovenského reklamného trhu od roku 1997
Analýza slovenského reklamného trhu v rokoch 1997-2001. Hľadisko geografickej štruktúry reklamných agentúr a výšky ich obratu v jednotlivých rokoch. Desať najvýznamnejších zadávateľov reklamy podľa výšky ich výdavkov na reklamu. Okrem výdavkov na reklamu, sleduje aj na ktoré prostriedky reklamnej ko...
Saved in:
| Main Author: | |
|---|---|
| Format: | Book Chapter |
| Language: | Slovak |
| Subjects: | |
| Tags: |
No Tags, Be the first to tag this record!
|
MARC
| LEADER | 00000naa$a2200000$$$4500 | ||
|---|---|---|---|
| 001 | 0023964 | ||
| 005 | 20221128113041.8 | ||
| 041 | 0 | |a slo | |
| 044 | |a SK | ||
| 245 | 1 | 0 | |a Analýza slovenského reklamného trhu od roku 1997 |c Ivana Hroncová |
| 520 | |a Analýza slovenského reklamného trhu v rokoch 1997-2001. Hľadisko geografickej štruktúry reklamných agentúr a výšky ich obratu v jednotlivých rokoch. Desať najvýznamnejších zadávateľov reklamy podľa výšky ich výdavkov na reklamu. Okrem výdavkov na reklamu, sleduje aj na ktoré prostriedky reklamnej komunikácie boli výdavky určené. | ||
| 610 | 2 | 0 | |a trh reklamný |
| 610 | 2 | 0 | |a reklama |
| 610 | 2 | 0 | |a analýzy |
| 610 | 2 | 0 | |a výdavky |
| 610 | 2 | 0 | |a agentúry |
| 610 | 2 | 0 | |a obrat peňažný |
| 610 | 2 | 0 | |a 1997-2001 |
| 100 | 1 | |a Hroncová, Ivana | |